Statistics for Countries with More People Than the Egg Has Likes

Click here to take the quiz!

General Stats

  • This quiz has been taken 35 times
    (11 since last reset)
  • The average score is 27 of 33

Answer Stats

Pop in millions Country % Correct
67 mFrance
100%
1,394 mChina
100%
265 mIndonesia
100%
151 mRussia
100%
329 mUnited States
100%
1,342 mIndia
100%
210 mBrazil
91%
66 mUnited Kingdom
91%
127 mMexico
91%
84 mVietnam
91%
80 mTurkey
82%
69 mThailand
82%
60 mItaly
82%
44 mArgentina
82%
47 mSpain
82%
58 mSouth Africa
82%
81 mIran
82%
82 mGermany
82%
166 mBangladesh
82%
108 mJapan
82%
107 mEthiopia
82%
203 mPakistan
82%
95 mEgypt
82%
49 mColombia
73%
193 mNigeria
73%
52 mSouth Korea
73%
54 mMyanmar
73%
98 mPhilippines
73%
83 mD.R. Congo
73%
43 mAlgeria
64%
54 mTanzania
64%
42 mUkraine
55%
51 mKenya
55%

Score Distribution

Percentile by Number Answered

Percent of People with Each Score

Your Score History

You have not taken this quiz since the last reset